000
00254nam a22001097a 4500
041
_a
ENG
100
_a
Dick
245
_a
Overcoming Water Scarcity and Quality Constraints
260
_a
Washington
_b
FOCUS
_c
2001
650
_a
IDE ( 05 )
856
_u
IDE ( 05 )
999
_c
2807
_d
2807